000 00283nam a22001217a 4500
020 _a81-8388-319-2
082 _a000
_bSPI/G
100 _aSPIDER BOOKS
245 _aMY PRE-SCHOOL BOOK OF GOOD MANNERS
260 _aCHENNAI
_bSPIDER BOOKS
650 _aPICTURE BOOK
_zINDIA
942 _cBK
999 _c4684
_d4684